Elektrohidrolik / (Record no. 200129601)

MARC details
000 -LEADER
fixed length control field 01001 a2200337 4500
001 - CONTROL NUMBER
control field 200129601
003 - CONTROL NUMBER IDENTIFIER
control field TR-AnTOB
005 - DATE AND TIME OF LATEST TRANSACTION
control field 20200814144225.0
008 - FIXED-LENGTH DATA ELEMENTS--GENERAL INFORMATION
fixed length control field 140704s1991 tu 000 0
020 ## - INTERNATIONAL STANDARD BOOK NUMBER
International Standard Book Number 9759555166
040 ## - CATALOGING SOURCE
Original cataloging agency TR-AnTOB
041 ## - LANGUAGE CODE
Language code of text/sound track or separate title Türkçe
050 ## - LIBRARY OF CONGRESS CALL NUMBER
Classification number TJ840.
Item number .M4719 2000
090 ## - LOCALLY ASSIGNED LC-TYPE CALL NUMBER (OCLC); LOCAL CALL NUMBER (RLIN)
Classification number (OCLC) (R) ; Classification number, CALL (RLIN) (NR) TJ840.M4719 2000
100 1# - MAIN ENTRY--PERSONAL NAME
Personal name Merkle, D.
9 (RLIN) 86778
245 10 - TITLE STATEMENT
Title Elektrohidrolik /
Statement of responsibility, etc. D. Merkle ; çeviri, H. Karcı.
246 #3 - VARYING FORM OF TITLE
Title proper/short title Electro-hydraulics.
264 #1 - PRODUCTION, PUBLICATION, DISTRIBUTION, MANUFACTURE, AND COPYRIGHT NOTICE
Place of production, publication, distribution, manufacture İstanbul:
Name of producer, publisher, distributor, manufacturer Festo,
Date of production, publication, distribution, manufacture, or copyright notice 1991.
300 ## - PHYSICAL DESCRIPTION
Extent 286 p. :
Other physical details ill. ;
Dimensions 29 cm.
500 ## - GENERAL NOTE
General note Temel seviye TP601, öğretim kitabı.
General note Translation of Electro-hydraulics.
590 ## - LOCAL NOTE (RLIN)
Local note Prof.Dr.Yücel Ercan tarafından bağışlanmıştır.
650 #7 - SUBJECT ADDED ENTRY--TOPICAL TERM
Topical term or geographic name entry element Hidrolik devreler
Source of heading or term etuturkob
9 (RLIN) 90008
Topical term or geographic name entry element Hydraulic circuits
9 (RLIN) 90007
Topical term or geographic name entry element Hidrolik kontrol
9 (RLIN) 17152
Topical term or geographic name entry element Hydraulic control
9 (RLIN) 17153
700 1# - ADDED ENTRY--PERSONAL NAME
Personal name Karcı, H.
9 (RLIN) 86779
730 02 - ADDED ENTRY--UNIFORM TITLE
Uniform title Electro-hydraulics.
942 ## - ADDED ENTRY ELEMENTS (KOHA)
Koha item type Book
Holdings
Withdrawn status Lost status Source of classification or shelving scheme Not for loan Collection code Home library Current library Shelving location Date acquired Source of acquisition Inventory number Total Checkouts Total Holds Full call number Barcode Copy number Date shelved Koha item type
    Library of Congress Classification Ödünç Verilebilir / Available Genel Koleksiyon Merkez Kütüphane Merkez Kütüphane Genel Koleksiyon / Main Collection 30/05/2013 Bağış / Donation MAK     TJ840 .M4719 2000 0039503 1   Book
    Library of Congress Classification Ödünç Verilebilir / Available Genel Koleksiyon Merkez Kütüphane Merkez Kütüphane Genel Koleksiyon / Main Collection 26/06/2013 Bağış / Donation MAK     TJ840 .M4719 2000 0042316 2   Book
Devinim Yazılım Eğitim Danışmanlık tarafından Koha'nın orjinal sürümü uyarlanarak geliştirilip kurulmuştur.